Elaboración de una sección educativa sobre el fenómeno de terremotos para estudiantes y público general en la internet
Guardat en:
| Autor principal: | |
|---|---|
| Format: | Llibre |
| Idioma: | Spanish |
| Publicat: |
[San José, Costa Rica] : Universidad de Costa Rica, Facultad de Ingeniería, Instituto de Investigaciones en Ingeniería, Laboratorio de Ingeniería Sísmica
2005
|
| Etiquetes: |
Afegir etiqueta
Sense etiquetes, Sigues el primer a etiquetar aquest registre!
|
MARC
| LEADER | 00000nam a2200000Ia 4500 | ||
|---|---|---|---|
| 003 | PI0144 | ||
| 005 | 20240509141414.0 | ||
| 008 | 140114s2005 cr a 000 ||spa d | ||
| 040 | |c cru CEDI | ||
| 100 | |a Moya Fernández, César Aarón, 1971- |9 1741 | ||
| 245 | |a Elaboración de una sección educativa sobre el fenómeno de terremotos para estudiantes y público general en la internet | ||
| 260 | |a [San José, Costa Rica] : Universidad de Costa Rica, Facultad de Ingeniería, Instituto de Investigaciones en Ingeniería, Laboratorio de Ingeniería Sísmica |c 2005 | ||
| 500 | |a Informe Final No.731-A5-191 | ||
| 942 | |c PI |h PI-144 |i PI0144 |6 PI_144_PI0144 | ||
| 999 | |c 12641 |d 12641 | ||
